OUR WONDERFUL WORLD AN ENCYCLOPEDIC ANTHOLOGY FOR THE ENTIRE FAMILY (Record no. 585607)
[ view plain ]
| 000 -LEADER | |
|---|---|
| fixed length control field | 00284nam a22001097a 4500 |
| 082 ## - DEWEY DECIMAL CLASSIFICATION NUMBER | |
| Classification number | 030 OUR'Z |
| 100 ## - MAIN ENTRY--PERSONAL NAME | |
| Personal name | ZIM, HERBERT S |
| 9 (RLIN) | 80715 |
| 245 ## - TITLE STATEMENT | |
| Title | OUR WONDERFUL WORLD AN ENCYCLOPEDIC ANTHOLOGY FOR THE ENTIRE FAMILY |
| 260 ## - PUBLICATION, DISTRIBUTION, ETC. | |
| Place of publication, distribution, etc. | CHICAGO |
| Name of publisher, distributor, etc. | SPENCER |
| Date of publication, distribution, etc. | 1960 |
| 300 ## - PHYSICAL DESCRIPTION | |
| Extent | 393P |
| 942 ## - ADDED ENTRY ELEMENTS (KOHA) | |
| Koha item type | Book |
| Withdrawn status | Lost status | Damaged status | Not for loan | Permanent Location | Current Location | Shelving location | Date acquired | Total Checkouts | Full call number | Barcode | Date last seen | Price effective from | Koha item type |
|---|---|---|---|---|---|---|---|---|---|---|---|---|---|
| College of Electrical & Mechanical Engineering (CEME) | College of Electrical & Mechanical Engineering (CEME) | General Stacks | 07/10/2017 | 030 OUR'Z | CEME-59 | 06/28/2021 | 06/28/2021 | Book |
